Reliving Nostra Aetate through Mircea Eliade's concept of Archaic Religions: Towards a Third Millennium Spirituality for the Catholic Diocese of Mthatha, South Africa (Record no. 59398)

MARC details
000 -LEADER
fixed length control field 00550nam a22001457a 4500
008 - FIXED-LENGTH DATA ELEMENTS--GENERAL INFORMATION
fixed length control field 240813b ||||| |||| 00| 0 eng d
020 ## - INTERNATIONAL STANDARD BOOK NUMBER
International Standard Book Number 9789966178794
050 ## - LIBRARY OF CONGRESS CALL NUMBER
Classification number BX1784
Item number .T44 2017
100 ## - MAIN ENTRY--PERSONAL NAME
Personal name Teboho Martin, Makoro
245 ## - TITLE STATEMENT
Title Reliving Nostra Aetate through Mircea Eliade's concept of Archaic Religions: Towards a Third Millennium Spirituality for the Catholic Diocese of Mthatha, South Africa
260 ## - PUBLICATION, DISTRIBUTION, ETC. (IMPRINT)
Place of publication, distribution, etc Nairobi - Kenya
Name of publisher, distributor, etc CUEA
Date of publication, distribution, etc 2017
300 ## - PHYSICAL DESCRIPTION
Extent xxxi, 306 p.;
Dimensions 26 cm.
650 ## - SUBJECT ADDED ENTRY--TOPICAL TERM
Topical term or geographic name as entry element Christianity and other religions.
942 ## - ADDED ENTRY ELEMENTS (KOHA)
Source of classification or shelving scheme Library of Congress Classification
Item type Book
Holdings
Withdrawn status Lost status Source of classification or shelving scheme Damaged status Not for loan Collection code Home library Current library Shelving location Date acquired Source of acquisition Cost, normal purchase price Full call number Barcode Date last seen Copy number Price effective from Koha item type
    Library of Congress Classification     Non-fiction Bishop Okullu Memorial Library (Limuru Campus) Bishop Okullu Memorial Library (Limuru Campus) General Circulation 13/08/2024 Donation 2700.00 BX1784 .T44 2017 071938 13/08/2024 1 13/08/2024 Book
    Library of Congress Classification   Not For Loan Non-fiction Bishop Okullu Memorial Library (Limuru Campus) Bishop Okullu Memorial Library (Limuru Campus) Special Collection 13/08/2024 Donation 2700.00 SPE BX1784 .T44 2017 071939 13/08/2024 2 13/08/2024 Book